000 00677nam a2200229Ia 4500
003 OSt
005 20220918192249.0
006 a|||||r|||| 00| 0
007 ta
008 220917b |||||||| |||| 00| 0 eng d
024 _a67,717
037 _cTextual
040 _aARTS
_cARTS
_beng
041 _2eng
_aeng
082 _aR3xM44:9, K3
100 _aLove Frederick R
_978799
245 0 _aYoung Nietzche and the Wagnerian experience
260 _c1963
490 _aUniversity of North Carolina studies in the Germanic languages and literatures ed by Frederic E Coenen
942 _hR3xM44:9, K3
_cTEXL
_2CC
999 _c193950
_d193950